LEADER 00729oam 2200241z- 450 001 9910157437103321 005 20180815080514.0 010 $a0-8294-4408-4 035 $a(CKB)3710000001000658 035 $a(EXLCZ)993710000001000658 100 $a20190224c2015uuuu -u- - 101 0 $aeng 200 14$aThe 15-minute prayer solution $ehow one percent of your day can transform your life /$fGary Jansen 210 $cLoyola Press 311 $a0-8294-4407-6 517 $a15-Minute Prayer Solution 606 $aPrayer$xChristianity 615 0$aPrayer$xChristianity. 700 $aJansen$b Gary$01246453 906 $aBOOK 912 $a9910157437103321 996 $aThe 15-minute prayer solution$92890107 997 $aUNINA